Zákon o mzde, odmene za pracovnú pohotovosť a o priemernom zárobku a súvisiace predpisy

Guardado en:
Detalles Bibliográficos
Formato: Libro
Lenguaje:eslovaco
Publicado: Bratislava Epos 1993
Edición:1. vyd.
Materias:
Etiquetas: Agregar Etiqueta
Sin Etiquetas, Sea el primero en etiquetar este registro!

MARC

LEADER 00000nam a2200000 4500
001 c002207
005 20221214083835.9
020 |a 80-85703-08-4 
041 0 |a slo 
044 |a SK 
245 1 0 |a Zákon o mzde, odmene za pracovnú pohotovosť a o priemernom zárobku a súvisiace predpisy 
250 |a 1. vyd. 
264 1 |a Bratislava  |b Epos  |c 1993 
300 |a 192 s. 
610 2 0 |a právo pracovné 
610 2 0 |a odmeňovanie 
610 2 0 |a mzdy 
610 2 0 |a predpisy právne 
610 2 0 |a zamestnanosť 
610 2 0 |a 1991 
610 2 0 |a mzdy priemerné 
610 2 0 |a zákonník práce 
610 2 0 |a ČSFR